[Event "Kolomna-ch 67th"]
[Site "Kolomna"]
[Date "2017.01.08"]
[Round "8"]
[White "Tarielashvili, Diana"]
[Black "Ivanov, Yuri A"]
[Result "1-0"]
[WhiteElo "1535"]
[BlackElo "1959"]
[PlyCount "65"]
[EventDate "2016.12.24"]
[EventType "swiss"]
[EventRounds "10"]
[EventCountry "RUS"]
[SourceTitle "EXT 2019"]
[Source "ChessBase"]
[SourceDate "2018.10.10"]
[SourceVersion "1"]
[SourceVersionDate "2018.10.10"]
[SourceQuality "1"]

1. e4 Nf6 2. Nc3 d5 3. exd5 Nxd5 4. Nxd5 Qxd5 5. d4 Nc6 6. c3 Bf5 7. Nf3 0-0-0 8. Be3 f6 9. Be2 g5 10. b4 g4 11. Nh4 h5 12. Nxf5 Qxf5 13. Qd3 Qd5 14. Rg1 e6 15. Qc4 Qd6 16. g3 e5 17. 0-0-0 exd4 18. Bxd4 Nxd4 19. Rxd4 Bh6+ 20. Kb2 Qe5 21. Rgd1 Rxd4 22. Rxd4 Re8 23. Bd1 c6 24. Qf7 Re7 25. Qg8+ Re8 26. Qh7 Bf8 27. Qd7+ Kb8 28. Bc2 a6 29. Re4 Bxb4 30. Rxe5 Bxc3+ 31. Kxc3 Rxe5 32. Qd6+ Ka7 33. Qxf6 1-0

[Event "Kolomna-ch 67th"]
[Site "Kolomna"]
[Date "2016.12.24"]
[Round "1"]
[White "Gerasin, Sergey"]
[Black "Ivanov, Yuri A"]
[Result "0-1"]
[WhiteElo "1635"]
[BlackElo "1959"]
[PlyCount "67"]
[EventDate "2016.12.24"]
[EventType "swiss"]
[EventRounds "10"]
[EventCountry "RUS"]
[SourceTitle "EXT 2019"]
[Source "ChessBase"]
[SourceDate "2018.10.10"]
[SourceVersion "1"]
[SourceVersionDate "2018.10.10"]
[SourceQuality "1"]

1. e4 e5 2. Nf3 Nc6 3. Nc3 d6 4. d4 Bg4 5. Bb5 exd4 6. Qxd4 a6 7. Bxc6+ bxc6 8. Qd3 Be7 9. b3 Nf6 10. 0-0 0-0 11. Bb2 Nd7 12. Rae1 Bf6 13. Bc1 Re8 14. Ne2 Nc5 15. Qd2 Nxe4 16. Qf4 Bxf3 17. Qxf3 d5 18. Ng3 Nxg3 19. Qxg3 Qd7 20. Bf4 Qf5 21. Bxc7 Rxe1 22. Rxe1 Qxc2 23. Qe3 h6 24. Rc1 Qxa2 25. Rxc6 d4 26. Qc1 Bg5 27. f4 Bh4 28. g3 Bf6 29. Qd1 Re8 30. Rxf6 gxf6 31. Qg4+ Kh8 32. Kf1 Qb1+ 33. Kg2 Qc2+ 34. Qe2 0-1

[Event "Kolomna-ch final 59th"]
[Site "Kolomna"]
[Date "2009.02.22"]
[Round "13"]
[White "Ivanov, Yuri A"]
[Black "Vlasenkov, Mikhail"]
[Result "1/2-1/2"]
[WhiteElo "2022"]
[BlackElo "2029"]
[PlyCount "96"]
[EventDate "2009.01.08"]
[EventType "tourn"]
[EventRounds "13"]
[EventCountry "RUS"]
[SourceTitle "EXT 2022"]
[Source "ChessBase"]
[SourceDate "2021.10.06"]
[SourceVersion "1"]
[SourceVersionDate "2021.10.06"]
[SourceQuality "1"]

1. e4 c5 2. Nf3 Nc6 3. c3 d6 4. d4 Bg4 5. Bb5 Qb6 6. Bxc6+ bxc6 7. dxc5 Qxc5 8. 0-0 Qh5 9. Nbd2 Nf6 10. Re1 e5 11. Qa4 Bd7 12. Qc4 Be7 13. Nf1 0-0 14. Ng3 Qg4 15. h3 Qe6 16. Qd3 Ne8 17. Nf5 h6 18. b3 Kh7 19. Ba3 c5 20. Rad1 Bc6 21. c4 g6 22. Ne3 f5 23. exf5 gxf5 24. Nd5 e4 25. Qc2 Bxd5 26. Rxd5 Qg6 27. Nh2 Nc7 28. Rdd1 Ne6 29. Qd2 Rg8 30. g3 Rad8 31. Bc1 Bg5 32. Qd5 Bxc1 33. Rxc1 Nf4 34. Qd2 Nd3 35. Rc3 Nxe1 36. Qxe1 f4 37. Nf1 Qe6 38. Kh2 fxg3+ 39. Nxg3 Rde8 40. Re3 Qg6 41. Qe2 Re5 42. Rxe4 Rxe4 43. Qxe4 Qxe4 44. Nxe4 Rd8 45. Kg3 Kg6 46. Kf4 h5 47. Ke3 Kf5 48. f3 h4 1/2-1/2

[Event "Kolomna-ch final 59th"]
[Site "Kolomna"]
[Date "2009.02.01"]
[Round "7"]
[White "Korochkin, Viktor"]
[Black "Ivanov, Yuri A"]
[Result "1-0"]
[WhiteElo "2076"]
[BlackElo "2022"]
[PlyCount "53"]
[EventDate "2009.01.08"]
[EventType "tourn"]
[EventRounds "13"]
[EventCountry "RUS"]
[SourceTitle "EXT 2022"]
[Source "ChessBase"]
[SourceDate "2021.10.06"]
[SourceVersion "1"]
[SourceVersionDate "2021.10.06"]
[SourceQuality "1"]

1. e4 c5 2. Nf3 Nc6 3. d4 cxd4 4. Nxd4 e5 5. Nb3 a5 6. a4 Nge7 7. Bc4 d6 8. Nc3 Nb4 9. 0-0 Qc7 10. Nb5 Qd7 11. Nxd6+ Kd8 12. Nxf7+ Ke8 13. Nxh8 Qxd1 14. Rxd1 Bd7 15. Bf7+ Kd8 16. Be6 Nec6 17. Rxd7+ Ke8 18. Bg5 Nxc2 19. Rad1 N2d4 20. Nxd4 Nxd4 21. R1xd4 exd4 22. Rxd4 Be7 23. Nf7 Ra6 24. Bc4 Rc6 25. Bb5 Kxf7 26. Bxc6 Bxg5 27. Bxb7 1-0

[Event "Kolomna-ch final 59th"]
[Site "Kolomna"]
[Date "2009.01.28"]
[Round "6"]
[White "Ivanov, Yuri A"]
[Black "Kalinin, Aleksandr"]
[Result "1-0"]
[WhiteElo "2022"]
[BlackElo "2110"]
[PlyCount "141"]
[EventDate "2009.01.08"]
[EventType "tourn"]
[EventRounds "13"]
[EventCountry "RUS"]
[SourceTitle "EXT 2022"]
[Source "ChessBase"]
[SourceDate "2021.10.06"]
[SourceVersion "1"]
[SourceVersionDate "2021.10.06"]
[SourceQuality "1"]

1. e4 c5 2. Nf3 Nc6 3. d4 cxd4 4. Nxd4 e5 5. Nb5 d6 6. N1c3 a6 7. Na3 b5 8. Nd5 Nce7 9. c4 Nxd5 10. Qxd5 Be6 11. Qc6+ Bd7 12. Qd5 Nf6 13. Bg5 Nxd5 14. Bxd8 Rxd8 15. exd5 b4 16. Nc2 a5 17. Rd1 Be7 18. Ne3 0-0 19. Bd3 f5 20. f3 Bg5 21. Ke2 e4 22. fxe4 f4 23. Nc2 Bg4+ 24. Kf2 Bh4+ 25. Kf1 f3 26. g3 Bg5 27. Rb1 Bh3+ 28. Kf2 Rb8 29. b3 h5 30. Ne3 Bd8 31. c5 dxc5 32. e5 Bg5 33. Rhe1 Ra8 34. Bc4 a4 35. e6 axb3 36. Bxb3 Rfc8 37. Rbc1 Kh8 38. Kxf3 Rf8+ 39. Ke4 Be7 40. Re2 Rad8 41. Ng2 Bxe6 42. dxe6 Rd4+ 43. Ke3 Rfd8 44. Rc4 Rd3+ 45. Kf2 g5 46. Ne1 Rf8+ 47. Kg2 Rdd8 48. Nf3 Rf5 49. Ne5 Kg7 50. Nc6 Re8 51. Nxe7 Rxe7 52. g4 hxg4 53. Rxg4 Kh6 54. Kg3 Kh5 55. h4 gxh4+ 56. Rxh4+ Kg5 57. Rg4+ Kf6 58. Rf4 Rg7+ 59. Kf3 Rxf4+ 60. Kxf4 Ke7 61. Re5 Rh7 62. Rxc5 Rh4+ 63. Ke5 Rh5+ 64. Kd4 Rh4+ 65. Kd5 Rh5+ 66. Kc6 Rh8 67. Rg5 Kf6 68. Rg4 Ke7 69. Rg7+ Kf6 70. Rf7+ Ke5 71. e7 1-0

[Event "Kolomna-ch final 59th"]
[Site "Kolomna"]
[Date "2009.01.14"]
[Round "3"]
[White "Koryakin, Viktor"]
[Black "Ivanov, Yuri A"]
[Result "1/2-1/2"]
[WhiteElo "1955"]
[BlackElo "2022"]
[PlyCount "40"]
[EventDate "2009.01.08"]
[EventType "tourn"]
[EventRounds "13"]
[EventCountry "RUS"]
[SourceTitle "EXT 2022"]
[Source "ChessBase"]
[SourceDate "2021.10.06"]
[SourceVersion "1"]
[SourceVersionDate "2021.10.06"]
[SourceQuality "1"]

1. e4 c6 2. d4 d5 3. e5 Bf5 4. g4 Be4 5. f3 Bg6 6. h4 h5 7. g5 e6 8. Nh3 c5 9. Nf4 Bf5 10. Bd3 Ne7 11. Bxf5 Nxf5 12. g6 cxd4 13. gxf7+ Kxf7 14. Qe2 Ng3 15. Qg2 Nxh1 16. Qg6+ Kg8 17. Qxe6+ Kh7 18. Qg6+ Kg8 19. Qe6+ Kh7 20. Qg6+ Kg8 1/2-1/2

[Event "Kolomna-ch final 59th"]
[Site "Kolomna"]
[Date "2009.01.08"]
[Round "1"]
[White "Polikushin, Viktor"]
[Black "Ivanov, Yuri A"]
[Result "1-0"]
[WhiteElo "1994"]
[BlackElo "2022"]
[PlyCount "57"]
[EventDate "2009.01.08"]
[EventType "tourn"]
[EventRounds "13"]
[EventCountry "RUS"]
[SourceTitle "EXT 2022"]
[Source "ChessBase"]
[SourceDate "2021.10.06"]
[SourceVersion "1"]
[SourceVersionDate "2021.10.06"]
[SourceQuality "1"]

1. c4 c6 2. Nf3 Qa5 3. g3 g5 4. Bg2 Bg7 5. Nc3 d6 6. d4 h6 7. 0-0 Nd7 8. Rb1 Qc7 9. e4 Nf8 10. Re1 Ng6 11. Kh1 g4 12. Ng1 h5 13. f4 gxf3 14. Nxf3 Bg4 15. Qd3 Nh6 16. b4 Bxf3 17. Bxf3 h4 18. Rg1 hxg3 19. Rxg3 0-0-0 20. b5 c5 21. b6 axb6 22. Nd5 Qc6 23. Rxg6 Bf8 24. Rxh6 Rxh6 25. Bxh6 e6 26. Nxb6+ Kb8 27. Bxf8 Rxf8 28. e5 Qc7 29. Qa3 1-0

[Event "Kolomna-ch sf-B 58th"]
[Site "Kolomna"]
[Date "2007.11.14"]
[Round "9"]
[White "Borgovich, Anton"]
[Black "Ivanov, Yuri A"]
[Result "1/2-1/2"]
[WhiteElo "1987"]
[BlackElo "2000"]
[PlyCount "88"]
[EventDate "2007.10.10"]
[EventType "tourn"]
[EventRounds "9"]
[EventCountry "RUS"]
[SourceTitle "EXT 2022"]
[Source "ChessBase"]
[SourceDate "2021.10.06"]
[SourceVersion "1"]
[SourceVersionDate "2021.10.06"]
[SourceQuality "1"]

1. d4 d5 2. Nf3 c6 3. c4 Nf6 4. Nc3 e6 5. Bg5 Be7 6. e3 a6 7. a4 0-0 8. Bd3 Nfd7 9. Bf4 f5 10. cxd5 cxd5 11. 0-0 Nc6 12. Na2 g5 13. Be5 g4 14. Nd2 Ndxe5 15. dxe5 Nxe5 16. Bc2 Bd7 17. f4 Ng6 18. Re1 Qb6 19. b4 Rac8 20. a5 Qa7 21. Nb3 Nxf4 22. Nd4 Ng6 23. Kh1 Bf6 24. Rc1 Bxd4 25. exd4 b6 26. Bb3 bxa5 27. bxa5 Qb7 28. Nc3 Qb4 29. Ba4 Bxa4 30. Qxa4 Qd6 31. g3 Rc4 32. Qd1 Rfc8 33. Na2 Qa3 34. Qe2 Nf8 35. Rxc4 Rxc4 36. Rf1 Rxd4 37. Rc1 Re4 38. Qd2 Qf3+ 39. Kg1 Re2 40. Qg5+ Ng6 41. Rc8+ Kf7 42. Rc7+ Ke8 43. Rc8+ Kf7 44. Rc7+ Ke8 1/2-1/2

[Event "Kolomna-ch sf-B 58th"]
[Site "Kolomna"]
[Date "2007.10.31"]
[Round "7"]
[White "Chernyshov, Aleksandr"]
[Black "Ivanov, Yuri A"]
[Result "1-0"]
[WhiteElo "2142"]
[BlackElo "2000"]
[PlyCount "90"]
[EventDate "2007.10.10"]
[EventType "tourn"]
[EventRounds "9"]
[EventCountry "RUS"]
[SourceTitle "EXT 2022"]
[Source "ChessBase"]
[SourceDate "2021.10.06"]
[SourceVersion "1"]
[SourceVersionDate "2021.10.06"]
[SourceQuality "1"]

1. e4 c5 2. c3 e6 3. d4 cxd4 4. cxd4 Nf6 5. Nc3 Bb4 6. Bd3 Qc7 7. Nge2 Nc6 8. 0-0 Ng4 9. e5 a6 10. h3 Ngxe5 11. dxe5 Nxe5 12. Bf4 Qa5 13. a3 Bxc3 14. Nxc3 Nxd3 15. Qxd3 0-0 16. Bd6 Re8 17. b4 Qg5 18. f4 Qg6 19. Qf3 f5 20. Na4 Qf6 21. Be5 Qe7 22. Nb6 d6 23. Nxa8 dxe5 24. Nb6 e4 25. Qc3 Bd7 26. Qc7 Bc6 27. Qxe7 Rxe7 28. Kf2 e5 29. Ke3 g5 30. g3 exf4+ 31. gxf4 Bb5 32. Rg1 h6 33. Rac1 Re6 34. Nc8 Bc6 35. Rc5 Kh7 36. Rxf5 gxf4+ 37. Rxf4 Be8 38. Rxe4 Rxe4+ 39. Kxe4 Bd7 40. Nd6 Bxh3 41. Nxb7 h5 42. Nc5 Bc8 43. Ke5 Kh6 44. Rg8 Bg4 45. Kf4 Be2 1-0

[Event "Kolomna-ch sf-B 58th"]
[Site "Kolomna"]
[Date "2007.10.28"]
[Round "6"]
[White "Ivanov, Yuri A"]
[Black "Nikitin, Victor Alekseevich"]
[Result "1-0"]
[WhiteElo "2000"]
[BlackElo "2054"]
[PlyCount "87"]
[EventDate "2007.10.10"]
[EventType "tourn"]
[EventRounds "9"]
[EventCountry "RUS"]
[SourceTitle "EXT 2022"]
[Source "ChessBase"]
[SourceDate "2021.10.06"]
[SourceVersion "1"]
[SourceVersionDate "2021.10.06"]
[SourceQuality "1"]

1. e4 e5 2. Nf3 d6 3. Bc4 c6 4. Bb3 Be7 5. 0-0 Nf6 6. Re1 Nbd7 7. c3 Nc5 8. Bc2 Bg4 9. h3 Bh5 10. d4 Ncd7 11. Nbd2 Qc7 12. Nc4 b5 13. Ne3 Bg6 14. Nf5 Bxf5 15. exf5 h6 16. a4 bxa4 17. Bxa4 0-0 18. Qe2 e4 19. g4 exf3 20. Qxf3 Nb8 21. h4 Nh7 22. Qg3 Qd8 23. Rxe7 Qxe7 24. Bf4 Rd8 25. g5 hxg5 26. hxg5 g6 27. Bb3 d5 28. Bc2 Qe2 29. Bd3 Qe8 30. Kg2 Nd7 31. Rh1 Kh8 32. Rh6 Kg8 33. fxg6 fxg6 34. Rxg6+ Qxg6 35. Bxg6 Ndf8 36. Bf5 Re8 37. Be5 Ne6 38. g6 Nhg5 39. Qh4 Kf8 40. g7+ Ke7 41. Bxe6 Kxe6 42. Qxg5 Kd7 43. Qf5+ Kd8 44. Qf6+ 1-0

[Event "Kolomna-ch sf-B 58th"]
[Site "Kolomna"]
[Date "2007.10.17"]
[Round "3"]
[White "Makushkin, Aleksandr"]
[Black "Ivanov, Yuri A"]
[Result "0-1"]
[WhiteElo "1770"]
[BlackElo "2000"]
[PlyCount "71"]
[EventDate "2007.10.10"]
[EventType "tourn"]
[EventRounds "9"]
[EventCountry "RUS"]
[SourceTitle "EXT 2022"]
[Source "ChessBase"]
[SourceDate "2021.10.06"]
[SourceVersion "1"]
[SourceVersionDate "2021.10.06"]
[SourceQuality "1"]

1. e4 c6 2. Nf3 d6 3. h3 Qa5 4. Bc4 b5 5. Bb3 Nd7 6. 0-0 Nc5 7. Re1 Nxb3 8. cxb3 e5 9. d4 f6 10. a3 Be6 11. d5 cxd5 12. exd5 Bf7 13. Bd2 Qb6 14. Be3 Qb7 15. Nc3 Ne7 16. Rc1 Nxd5 17. b4 Be7 18. Nh2 0-0 19. Ng4 Nxe3 20. Rxe3 d5 21. Rg3 Kh8 22. Nh2 d4 23. Nb1 Rfc8 24. Rxc8+ Rxc8 25. Nd2 Qc6 26. Nhf1 f5 27. Rd3 Bf6 28. f3 e4 29. fxe4 fxe4 30. Rg3 d3 31. Qb1 Bd4+ 32. Kh1 Bd5 33. Ne3 Qc1+ 34. Qxc1 Rxc1+ 35. Kh2 Bc6 36. Ndf1 0-1

[Event "Kolomna-ch sf-B 58th"]
[Site "Kolomna"]
[Date "2007.10.10"]
[Round "1"]
[White "Alexandrov, Anatoly"]
[Black "Ivanov, Yuri A"]
[Result "1/2-1/2"]
[WhiteElo "2260"]
[BlackElo "2000"]
[PlyCount "29"]
[EventDate "2007.10.10"]
[EventType "tourn"]
[EventRounds "9"]
[EventCountry "RUS"]
[SourceTitle "EXT 2022"]
[Source "ChessBase"]
[SourceDate "2021.10.06"]
[SourceVersion "1"]
[SourceVersionDate "2021.10.06"]
[SourceQuality "1"]

1. e4 e5 2. Nf3 Nc6 3. Bb5 a6 4. Ba4 Nf6 5. 0-0 d6 6. d3 Be7 7. h3 b5 8. Bb3 0-0 9. c3 Be6 10. Bc2 h6 11. d4 exd4 12. Nxd4 Ne5 13. f4 Nc4 14. b3 Nb6 15. Nc6 1/2-1/2